Malory Enterprises Ltd v Cheshire Homes (UK) Ltd and others (Record no. 70885)

MARC details
000 -LEADER
fixed length control field 01566cam a2200253 4500
001 - CONTROL NUMBER
control field ABS65766
008 - FIXED-LENGTH DATA ELEMENTS--GENERAL INFORMATION
fixed length control field 020802n2002 000 0 eng u
035 ## - SYSTEM CONTROL NUMBER
System control number (Sirsi) u119165
245 ## - TITLE STATEMENT
Title Malory Enterprises Ltd v Cheshire Homes (UK) Ltd and others
260 ## - PUBLICATION, DISTRIBUTION, ETC.
Date of publication, distribution, etc. 2002
490 ## - SERIES STATEMENT
Series statement Weekly Law Reports
Volume/sequential designation [2002] 3 WLR 1-23 (23)
520 ## - SUMMARY, ETC.
Summary, etc. CA 22 February 2002. Claimant (M)sought rectification of the register under the Land Registration Act 1925 s82(3) after a company of the same name dishonestly succeeded in procuring a new land certificate in its favour and then sold and transferred the land to defendant C who became registered proprietor in January 1999. C had carried out works on the land in July 1999 and was liable for trespass. HC had granted full rectificatiion to M with retrospective effect making C liable for trespass and confirming M as beneficial owner. C appealed accepting the rectification order but sought to avoid liability for trespass also claiming to be beneficial owner. "Held" Appeal dismissed. CA upheld M's right of possession as beneficial owner but ruled that there was no jurisdiction to order retrospective rectification.
590 ## - LOCAL NOTE (RLIN)
Local note ABS
650 ## - SUBJECT ADDED ENTRY--TOPICAL TERM
Topical term or geographic name entry element LAND REGISTRATION ACT 1925 S82
650 ## - SUBJECT ADDED ENTRY--TOPICAL TERM
Topical term or geographic name entry element LAND REGISTRATION ACT 1925 S70 (1)(G)
650 ## - SUBJECT ADDED ENTRY--TOPICAL TERM
Topical term or geographic name entry element DECEPTION
650 ## - SUBJECT ADDED ENTRY--TOPICAL TERM
Topical term or geographic name entry element BENEFICIAL OWNERSHIP
650 ## - SUBJECT ADDED ENTRY--TOPICAL TERM
Topical term or geographic name entry element RECTIFICATION
650 ## - SUBJECT ADDED ENTRY--TOPICAL TERM
Topical term or geographic name entry element OVERRIDING INTEREST
650 ## - SUBJECT ADDED ENTRY--TOPICAL TERM
Topical term or geographic name entry element LAND CERTIFICATES
650 ## - SUBJECT ADDED ENTRY--TOPICAL TERM
Topical term or geographic name entry element MALORY ENTERPRISES LTD V CHESHIRE HOMES (UK) LTD
690 ## - LOCAL SUBJECT ADDED ENTRY--TOPICAL TERM (OCLC, RLIN)
Topical term or geographic name as entry element PROPERTY AND LAND LAW-CASE LAW
942 ## - ADDED ENTRY ELEMENTS (KOHA)
Suppress in OPAC 0
Holdings
Withdrawn status Lost status Source of classification or shelving scheme Damaged status Not for loan Home library Current library Shelving location Date acquired Total Checkouts Full call number Barcode Date last seen Copy number Price effective from Koha item type
    Dewey Decimal Classification     London London Journal article 02/08/2002   ABS65766 119165-1001 06/08/2019 1 06/08/2019 Law report